| 000 | 00631nam a2200217 u 4500 | ||
|---|---|---|---|
| 005 | 20251203064011.0 | ||
| 008 | 190128s2013 mx r 000 0 spa d | ||
| 020 | _a9786077075875 | ||
| 035 | _aUPN01000228665 | ||
| 049 | _aCG | ||
| 050 | 4 |
_aZ1003 _bC3.2 |
|
| 100 | 1 |
_aCalero Pérez, Mavilo _934277 |
|
| 245 | 1 | 0 |
_aCómo hacer de tu hijo un gran lector / _cMavilo Calero Pérez. |
| 260 |
_aMéxico : _bAlfaomega, _c2013. |
||
| 300 |
_a158 p. : _bil. |
||
| 650 | 4 |
_aIntereses en la lectura _94851 |
|
| 650 | 4 |
_aTeoría y práctica de la lectura _94612 |
|
| 905 | _aLibro | ||
| 999 |
_c200760 _d200760 |
||